MARC details
| 000 -LEADER |
| fixed length control field |
02006cam a22003375i 4500 |
| 001 - CONTROL NUMBER |
| control field |
18371047 |
| 003 - CONTROL NUMBER IDENTIFIER |
| control field |
OSt |
| 005 - DATE AND TIME OF LATEST TRANSACTION |
| control field |
20250420134811.0 |
| 008 - FIXED-LENGTH DATA ELEMENTS--GENERAL INFORMATION |
| fixed length control field |
141113s2015 enk b 001 0 eng c |
| 010 ## - LIBRARY OF CONGRESS CONTROL NUMBER |
| LC control number |
2014043543 |
| 015 ## - NATIONAL BIBLIOGRAPHY NUMBER |
| National bibliography number |
GBB573240 |
| Source |
bnb |
| 020 ## - INTERNATIONAL STANDARD BOOK NUMBER |
| International Standard Book Number |
9780190610609 |
| 035 ## - SYSTEM CONTROL NUMBER |
| System control number |
(OCoLC)ocn895500781 |
| 040 ## - CATALOGING SOURCE |
| Original cataloging agency |
DLC |
| Language of cataloging |
eng |
| Transcribing agency |
KCST |
| 245 04 - TITLE STATEMENT |
| Title |
The Oxford handbook of creativity, innovation, and entrepreneurship / |
| Statement of responsibility, etc. |
edited by Christina E. Shalley, Michael A. Hitt, and Jing Zhou. |
| 260 ## - PUBLICATION, DISTRIBUTION, ETC. |
| Place of publication, distribution, etc. |
Oxford ; |
| Name of publisher, distributor, etc. |
Oxford University Press, |
| Date of publication, distribution, etc. |
2015. |
| 300 ## - PHYSICAL DESCRIPTION |
| Extent |
xix, 540 pages ; |
| Dimensions |
27 cm. |
| 490 1# - SERIES STATEMENT |
| Series statement |
Oxford library of psychology |
| 504 ## - BIBLIOGRAPHY, ETC. NOTE |
| Bibliography, etc. note |
Includes bibliographical references (pages 517-521) and index. |
| 520 ## - SUMMARY, ETC. |
| Summary, etc. |
Research-based investigations of creativity, innovation, and entrepreneurship have the potential to inform each other and enrich our knowledge of each of these areas, particularly with regard to cognitive processes and effective behaviors. Yet, while these research streams have increasingly received a great deal of attention, they have developed largely independently of one another. The Oxford Handbook of Creativity, Innovation, and Entrepreneurship addresses the critical need to integrate these three interrelated literatures. The handbook features contributions from the leading scholars in these research areas. As a group, the chapters examine the intersections of these topics to synthesize contemporary research and provide direction and stimulation for further interdisciplinary investigations of organizational creativity, innovation, and entrepreneurship. |
| 650 #0 - SUBJECT ADDED ENTRY--TOPICAL TERM |
| Topical term or geographic name entry element |
Creative ability in business. |
| 9 (RLIN) |
1403 |
| 650 #0 - SUBJECT ADDED ENTRY--TOPICAL TERM |
| Topical term or geographic name entry element |
New products. |
| 9 (RLIN) |
4548 |
| 650 #0 - SUBJECT ADDED ENTRY--TOPICAL TERM |
| Topical term or geographic name entry element |
Technological innovations. |
| 9 (RLIN) |
4549 |
| 650 #0 - SUBJECT ADDED ENTRY--TOPICAL TERM |
| Topical term or geographic name entry element |
Entrepreneurship. |
| 9 (RLIN) |
574 |
| 700 1# - ADDED ENTRY--PERSONAL NAME |
| Personal name |
Shalley, Christina E. |
| Fuller form of name |
(Christina Ellen) |
| 9 (RLIN) |
4550 |
| 700 1# - ADDED ENTRY--PERSONAL NAME |
| Personal name |
Hitt, Michael A. |
| 9 (RLIN) |
721 |
| 700 1# - ADDED ENTRY--PERSONAL NAME |
| Personal name |
Zhou, Jing, |
| Dates associated with a name |
1964 August 25- |
| 9 (RLIN) |
4551 |
| 830 #0 - SERIES ADDED ENTRY--UNIFORM TITLE |
| Uniform title |
Oxford library of psychology. |
| 9 (RLIN) |
4552 |
| 942 ## - ADDED ENTRY ELEMENTS (KOHA) |
| Koha item type |
Book |
| 942 ## - ADDED ENTRY ELEMENTS (KOHA) |
| Source of classification or shelving scheme |
Dewey Decimal Classification |